BIOSEPARATIONS : PRINCIPLES AND TECHNIQUES. (Record no. 216524)
[ view plain ]
| 000 -LEADER | |
|---|---|
| fixed length control field | 00495nam a22001697a 4500 |
| 008 - FIXED-LENGTH DATA ELEMENTS--GENERAL INFORMATION | |
| fixed length control field | 260203b |||||||| |||| 00| 0 eng d |
| 020 ## - INTERNATIONAL STANDARD BOOK NUMBER | |
| International Standard Book Number | 978-81-203-2649-1 |
| 050 ## - LIBRARY OF CONGRESS CALL NUMBER | |
| Classification number | QP 519.9 .S 58 2025 |
| 100 ## - MAIN ENTRY--PERSONAL NAME | |
| Personal name | SIVASANKAR, B. |
| 245 ## - TITLE STATEMENT | |
| Title | BIOSEPARATIONS : PRINCIPLES AND TECHNIQUES. |
| 260 ## - PUBLICATION, DISTRIBUTION, ETC. | |
| Place of publication, distribution, etc. | DELHI, |
| Name of publisher, distributor, etc. | PHI LEARNING PRIVATE LIMITED, |
| Date of publication, distribution, etc. | 2025 |
| 300 ## - PHYSICAL DESCRIPTION | |
| Extent | Viii, 271 P, ILL |
| 500 ## - GENERAL NOTE | |
| General note | INCLUDES BIBLIOGRAPHY AND INDEX |
| 650 ## - SUBJECT ADDED ENTRY | |
| Topical term or geographic name entry element | BIOMOLECULES |
| 942 ## - ADDED ENTRY ELEMENTS (KOHA) | |
| Source of classification or shelving scheme | Library of Congress Classification |
| Koha item type | Long Loan Book |
| Withdrawn status | Lost status | Source of classification or shelving scheme | Damaged status | Not for loan | Collection | Home library | Current library | Shelving location | Date acquired | Inventory number | Total checkouts | Full call number | Barcode | Date last seen | Copy number | Price effective from | Koha item type |
|---|---|---|---|---|---|---|---|---|---|---|---|---|---|---|---|---|---|
| Library of Congress Classification | Medicine | Kisii University Library | Kisii University Library | On Display | 02/03/2026 | 111641 | QP519. 9 .S58 2025 | 50192 | 02/03/2026 | 1 | 02/03/2026 | Long Loan Book | |||||
| Library of Congress Classification | Medicine | Kisii University Library | Kisii University Library | On Display | 02/03/2026 | 111642 | QP519. 9 .S58 2025 | 50151 | 02/03/2026 | 2 | 02/03/2026 | Long Loan Book | |||||
| Library of Congress Classification | Medicine | Kisii University Library | Kisii University Library | On Display | 02/03/2026 | 111643 | QP519. 9 .S58 2025 | 50169 | 02/03/2026 | 3 | 02/03/2026 | Long Loan Book | |||||
| Library of Congress Classification | Medicine | Kisii University Library | Kisii University Library | On Display | 02/03/2026 | 111644 | QP519. 9 .S58 2025 | 50170 | 02/03/2026 | 4 | 02/03/2026 | Long Loan Book |